Music Quiz

Random Music or Singers Quiz

Christina Aguilera Music Videos (Picture Click) Quiz Stats

 Plays Quiz not verified by Sporcle

Score 0/16 Timer 04:00
0 Plays Today
% Correct
Lady Marmalade
(w| Lil’ Kim, P!nk & Mya)
89.8%
Dirrty
(ft. Redman)
84.2%
Candyman
83.1%
Beautiful
82.6%
Genie In A Bottle
79.7%
Come On Over (All I Want Is You)
74.4%
Ain’t No Other Man
73.7%
Can’t Hold Us Down
73.5%
% Correct
I Turn To You
73%
Say Something
(w| A Great Big World)
72.6%
What A Girl Wants
72%
Hurt
70.8%
Your Body
69.6%
Not Myself Tonight
67%
Fighter
63.6%
Keeps Gettin’ Better
62.5%

You're not logged in!

Compare scores with friends on all Sporcle quizzes.
OR
Log In

Sporcle TV

Today on Sporcle TV


Watch our educational content, quiz creation guides, and fun videos on Sporcle TV.

Show Comments

Extras

Top Quizzes Today


Score Distribution

Your Account Isn't Verified!

In order to create a playlist on Sporcle, you need to verify the email address you used during registration. Go to your Sporcle Settings to finish the process.

Report this User

Report this user for behavior that violates our Community Guidelines.

Details: